[Event "June TNT"]
[Site "Winnipeg CAN"]
[Date "2002.06.04"]
[Round "1.5"]
[White "Lange, John"]
[Black "Greenberg, Harley"]
[Result "0-1"]
[WhiteElo "1425"]
[BlackElo "1757"]
[PlyCount "92"]
[EventDate "2002.06.04"]
[EventType "swiss"]
[EventRounds "4"]
[EventCountry "CAN"]

1. e4 c5 2. Nf3 Nc6 3. Bc4 d6 4. d3 Nf6 5. h3 g6 6. O-O Bg7 7. Nc3 O-O 8. Re1
Na5 9. Nd2 Nxc4 10. Nxc4 d5 11. exd5 Nxd5 12. Nxd5 Qxd5 13. Rxe7 Be6 14. Bf4 b5
15. Ne3 Qd8 16. Rb7 Bxb2 17. Rb1 Qd4 18. Rxb5 Bc3 19. Bh6 Rfd8 20. Qf3 Rac8 21.
Rb7 a5 22. Ng4 Bd5 23. Be3 Qg7 24. Nh6+ Kf8 25. Nxf7 Bxf3 26. Bh6 Qxh6 27. Nxh6
Bxb7 28. Rxb7 Ke8 29. Rxh7 Rd7 30. Rxd7 Kxd7 31. Ng4 Re8 32. Ne3 Bd4 33. g3
Bxe3 34. fxe3 Rxe3 35. Kf2 Re6 36. g4 Kd6 37. c3 Kd5 38. a3 c4 39. d4 Ke4 40.
h4 Kd3 41. Kf3 Kxc3 42. d5 Re5 43. d6 Rd5 44. Kf4 Rxd6 45. h5 gxh5 46. gxh5 Kd4
0-1

[Event "June TNT"]
[Site "Winnipeg CAN"]
[Date "2002.06.04"]
[Round "1.6"]
[White "Wasney, Mark"]
[Black "Trueman, Francis"]
[Result "1-0"]
[WhiteElo "1756"]
[BlackElo "1418"]
[PlyCount "65"]
[EventDate "2002.06.04"]
[EventType "swiss"]
[EventRounds "4"]
[EventCountry "CAN"]

1. e4 d6 2. Nf3 Nf6 3. Nc3 g6 4. d4 Bg7 5. Bc4 O-O 6. O-O c6 7. h3 Nbd7 8. Bg5
a5 9. a4 e5 10. Re1 Re8 11. Qd2 Qb6 12. Be3 Nf8 13. dxe5 Qd8 14. exf6 Bxf6 15.
Bg5 Nd7 16. Bxf6 Qxf6 17. Rad1 Nb6 18. Bb3 Bxh3 19. Ng5 Be6 20. Nxe6 fxe6 21.
Qe3 c5 22. Rxd6 c4 23. Qxb6 cxb3 24. Qxb7 Rab8 25. Qc7 Rf8 26. Re2 Qf4 27. Rdd2
Ra8 28. Rd7 Qf6 29. Qb6 h5 30. Qd4 e5 31. Qd6 Qg5 32. Qe7 Qh6 33. Qe6+ 1-0

[Event "June TNT"]
[Site "Winnipeg CAN"]
[Date "2002.06.04"]
[Round "1.7"]
[White "Reimer, Bruce"]
[Black "Czarny, Keith"]
[Result "0-1"]
[WhiteElo "1262"]
[BlackElo "1710"]
[PlyCount "36"]
[EventDate "2002.06.04"]
[EventType "swiss"]
[EventRounds "4"]
[EventCountry "CAN"]

1. e4 e6 2. d4 d5 3. exd5 exd5 4. Nf3 Nf6 5. Bg5 Be7 6. Be2 O-O 7. O-O Nc6 8.
Nbd2 Re8 9. c4 dxc4 10. Nxc4 Nd5 11. Bxe7 Rxe7 12. Na3 Bg4 13. Nc2 Qd7 14. Nfe1
Bxe2 15. Qd2 Bxf1 16. Kxf1 Rae8 17. Nf3 Qf5 18. Rd1 Re2 0-1

[Event "June TNT"]
[Site "Winnipeg CAN"]
[Date "2002.06.04"]
[Round "1.8"]
[White "Taylor, Gordon2"]
[Black "Crane, Meaghan"]
[Result "1-0"]
[WhiteElo "1646"]
[BlackElo "768"]
[PlyCount "103"]
[EventDate "2002.06.04"]
[EventType "swiss"]
[EventRounds "4"]
[EventCountry "CAN"]

1. c4 e5 2. b3 Nf6 3. Bb2 Nc6 4. g3 d6 5. Bg2 Bf5 6. d3 d5 7. a3 d4 8. b4 e4 9.
b5 Ne5 10. dxe4 Nxe4 11. Qxd4 Qxd4 12. Bxd4 f6 13. Nf3 Nxf3+ 14. Bxf3 O-O-O 15.
e3 Bc5 16. Bxc5 Nxc5 17. Nc3 Bh3 18. Nd5 c6 19. bxc6 bxc6 20. Ne7+ Kc7 21. Nxc6
Rd7 22. Nd4 Nd3+ 23. Ke2 Ne5 24. Rab1 g5 25. Rb7+ Kc8 26. Rxd7 Kxd7 27. c5 Kc7
28. Rb1 f5 29. Ne6+ Kd7 30. Nxg5 Bg4 31. Bxg4 Nxg4 32. Rb7+ Kc6 33. Rxh7 Rxh7
34. Nxh7 Nxh2 35. Nf6 Kxc5 36. f3 Kd6 37. Kf2 Ke6 38. Nh5 a5 39. Kg2 Nxf3 40.
Kxf3 a4 41. Kf4 Kf7 42. Kxf5 Kf8 43. g4 Kf7 44. g5 Kg8 45. g6 Kf8 46. e4 Kg8
47. Ke6 Kf8 48. Kd7 Kg8 49. e5 Kf8 50. e6 Kg8 51. e7 Kh8 52. e8=Q# 1-0

[Event "June TNT"]
[Site "Winnipeg CAN"]
[Date "2002.06.04"]
[Round "1.9"]
[White "Still, Graham"]
[Black "Curtis, Rory"]
[Result "0-1"]
[WhiteElo "911"]
[BlackElo "1698"]
[PlyCount "44"]
[EventDate "2002.06.04"]
[EventType "swiss"]
[EventRounds "4"]
[EventCountry "CAN"]

1. d4 d5 2. c4 c6 3. Nc3 Nf6 4. Bg5 Bf5 5. e3 dxc4 6. Bxc4 e6 7. e4 Bg6 8. Nge2
Be7 9. Bxf6 Bxf6 10. O-O O-O 11. Qd2 Nd7 12. Rfd1 b5 13. Bb3 a5 14. f3 Qb6 15.
Nf4 e5 16. Nce2 exf4 17. Nxf4 Rad8 18. Qf2 Bg5 19. Nh3 Be7 20. Nf4 Bd6 21. e5
Nxe5 22. dxe5 Bc5 0-1

[Event "June TNT"]
[Site "Winnipeg CAN"]
[Date "2002.06.11"]
[Round "2.2"]
[White "Czarny, Keith"]
[Black "Graham, Ken"]
[Result "1-0"]
[WhiteElo "1710"]
[BlackElo "1955"]
[PlyCount "51"]
[EventDate "2002.06.04"]
[EventType "swiss"]
[EventRounds "4"]
[EventCountry "CAN"]

1. c4 b6 2. Nf3 e6 3. g3 Bb7 4. Bg2 f5 5. O-O Nf6 6. d4 Be7 7. Nc3 O-O 8. a3
Qc8 9. Re1 d6 10. d5 Nbd7 11. dxe6 Nc5 12. Nd5 Re8 13. Nd4 c6 14. Nxe7+ Rxe7
15. Nxf5 Rxe6 16. Nxd6 Qf8 17. Nxb7 Nxb7 18. Bh3 Rd6 19. Qc2 Nc5 20. Bf4 Nfe4
21. Bxd6 Qxf2+ 22. Kh1 Nxd6 23. Rf1 Qe3 24. Rf3 Qh6 25. Bf5 Nf7 26. Bxh7+ 1-0

[Event "June TNT"]
[Site "Winnipeg CAN"]
[Date "2002.06.11"]
[Round "2.3"]
[White "Czypinski, Jaroslaw"]
[Black "Taylor, Gordon2"]
[Result "1-0"]
[WhiteElo "1933"]
[BlackElo "1646"]
[PlyCount "79"]
[EventDate "2002.06.04"]
[EventType "swiss"]
[EventRounds "4"]
[EventCountry "CAN"]

1. e4 e5 2. Nf3 Nc6 3. Bb5 a6 4. Bxc6 dxc6 5. d4 Bg4 6. dxe5 Qxd1+ 7. Kxd1
Bxf3+ 8. gxf3 Bc5 9. Be3 Bxe3 10. fxe3 O-O-O+ 11. Ke2 f6 12. exf6 Nxf6 13. Nc3
Rd7 14. Rad1 Rhd8 15. Rxd7 Rxd7 16. Rd1 Re7 17. Kf2 g5 18. h3 b5 19. Ne2 h5 20.
Ng3 g4 21. hxg4 hxg4 22. f4 Nxe4+ 23. Nxe4 Rxe4 24. Rg1 c5 25. Ke2 c4 26. Rxg4
Kd7 27. Rg7+ Kc8 28. Kf3 Re6 29. f5 Rh6 30. Rg6 Rh2 31. Rg2 Rh3+ 32. Kf4 Kd8
33. e4 c3 34. b3 Rh1 35. f6 Rd1 36. Rg8+ Kd7 37. Ke5 Rf1 38. Rg7+ Ke8 39. Ke6
Kf8 40. Rxc7 1-0

[Event "June TNT"]
[Site "Winnipeg CAN"]
[Date "2002.06.11"]
[Round "2.4"]
[White "Curtis, Rory"]
[Black "Van Wyk, Joseph"]
[Result "0-1"]
[WhiteElo "1698"]
[BlackElo "1770"]
[PlyCount "84"]
[EventDate "2002.06.04"]
[EventType "swiss"]
[EventRounds "4"]
[EventCountry "CAN"]

1. d4 c6 2. c4 d5 3. Nc3 Nf6 4. Nf3 Nbd7 5. Bg5 Qa5 6. Nd2 dxc4 7. Bxf6 Nxf6 8.
Nxc4 Qb4 9. e3 e6 10. a3 Qe7 11. b4 g6 12. Bd3 Bg7 13. Rc1 Nd7 14. O-O O-O 15.
f4 Nb6 16. Ne5 f6 17. Nf3 Rd8 18. e4 Kh8 19. Qc2 Bh6 20. g3 Nd7 21. Rcd1 e5 22.
dxe5 fxe5 23. f5 Nf6 24. Nh4 g5 25. Ng2 c5 26. b5 b6 27. Bc4 Bb7 28. a4 Rd4 29.
Rxd4 exd4 30. Nd5 Qxe4 31. Qxe4 Nxe4 32. Re1 Nd2 33. Re7 Nxc4 34. Rxb7 d3 35.
Rd7 g4 36. Nf6 Bg7 37. Nxg4 Bd4+ 38. Kf1 Re8 39. f6 d2 40. N2e3 Bxe3 41. Nxe3
Nxe3+ 42. Ke2 d1=Q+ 0-1

[Event "June TNT"]
[Site "Winnipeg CAN"]
[Date "2002.06.11"]
[Round "2.5"]
[White "Semenko, Rena"]
[Black "Gibbons, Lorne"]
[Result "1-0"]
[WhiteElo "1164"]
[BlackElo "1233"]
[PlyCount "25"]
[EventDate "2002.06.04"]
[EventType "swiss"]
[EventRounds "4"]
[EventCountry "CAN"]

1. e4 c5 2. Nf3 b6 3. Bc4 e6 4. Nc3 Bb7 5. d3 Ne7 6. Nh4 g6 7. Bf4 Bg7 8. Nb5
Na6 9. Nd6+ Kf8 10. Nxb7 Qe8 11. Nd6 Qb8 12. Qf3 e5 13. Bxe5 1-0

[Event "June TNT"]
[Site "Winnipeg CAN"]
[Date "2002.06.11"]
[Round "2.6"]
[White "Ford, Dana"]
[Black "Morrisseau, Jason"]
[Result "0-1"]
[WhiteElo "1200"]
[BlackElo "1200"]
[PlyCount "50"]
[EventDate "2002.06.04"]
[EventType "swiss"]
[EventRounds "4"]
[EventCountry "CAN"]

1. d4 d5 2. Nf3 Nc6 3. e3 Nf6 4. Bd3 Bg4 5. Nbd2 e5 6. dxe5 Nxe5 7. Be2 Bd6 8.
b3 O-O 9. O-O Re8 10. Bb2 c5 11. Nxe5 Bxe2 12. Qxe2 Bxe5 13. Bxe5 Rxe5 14. f4
Rh5 15. Nf3 Qe7 16. Rad1 Ng4 17. Ng5 Qxe3+ 18. Qxe3 Nxe3 19. Rfe1 Nxd1 20. Rxd1
Rd8 21. c4 h6 22. Nf3 Rf5 23. Ne5 Rxf4 24. cxd5 Rd4 25. Rxd4 cxd4 0-1

[Event "June TNT"]
[Site "Winnipeg CAN"]
[Date "2002.06.11"]
[Round "2.8"]
[White "Anderson, George"]
[Black "Reimer, Bruce"]
[Result "0-1"]
[WhiteElo "1542"]
[BlackElo "1262"]
[PlyCount "102"]
[EventDate "2002.06.04"]
[EventType "swiss"]
[EventRounds "4"]
[EventCountry "CAN"]

1. e4 e6 2. f4 d5 3. e5 c5 4. Nf3 Nc6 5. g3 Qb6 6. c4 d4 7. b3 f6 8. Bg2 Qc7 9.
Qe2 Be7 10. O-O Nh6 11. d3 Nf7 12. Nbd2 fxe5 13. fxe5 Ncxe5 14. Ne4 O-O 15. Bf4
Nxf3+ 16. Qxf3 e5 17. Bd2 Bd7 18. Qe2 Qc8 19. h3 Bxh3 20. Bxh3 Qxh3 21. Rf2 Qe6
22. Rh2 Qg6 23. Kg2 Nd6 24. Nxc5 Nf5 25. Qxe5 Bxc5 26. Qxc5 Qxg3+ 27. Kh1 Qf3+
28. Kg1 Rae8 29. Qd5+ Qxd5 30. cxd5 Re5 31. Rf1 Rxd5 32. Rhf2 g6 33. Bh6 Re8
34. Rh2 Rc5 35. Rff2 Rc3 36. Rd2 Nxh6 37. Rxh6 Re3 38. Rdh2 Rc1+ 39. Kf2 Rc2+
40. Kf1 Rxh2 41. Rxh2 Rxd3 42. Rh4 Rd2 43. a4 d3 44. Rb4 b6 45. a5 bxa5 46.
Rb8+ Kg7 47. Rb7+ Kh6 48. Rxa7 Rb2 49. Rb7 a4 50. b4 a3 51. Ra7 a2 0-1

[Event "June TNT"]
[Site "Winnipeg CAN"]
[Date "2002.06.11"]
[Round "2.9"]
[White "Crane, Meaghan"]
[Black "Weijs, Harry"]
[Result "0-1"]
[WhiteElo "768"]
[BlackElo "1495"]
[PlyCount "126"]
[EventDate "2002.06.04"]
[EventType "swiss"]
[EventRounds "4"]
[EventCountry "CAN"]

1. e4 d5 2. exd5 Qxd5 3. Nc3 Qa5 4. d4 Nf6 5. Nf3 c6 6. Bd2 Bf5 7. Ne4 Qb6 8.
Nxf6+ gxf6 9. Qe2 Qxb2 10. Qd1 Bxc2 11. Qc1 Qxc1+ 12. Rxc1 Be4 13. Be2 Bxf3 14.
Bxf3 e6 15. O-O Nd7 16. Rce1 Nb6 17. Ba5 O-O-O 18. Bxb6 axb6 19. Rb1 Kc7 20.
Rfd1 Ra8 21. Rd2 Bh6 22. Rdb2 Ra6 23. Be2 b5 24. Bh5 Rf8 25. Rb4 Rxa2 26. R4b2
Rxb2 27. Rxb2 Ra8 28. h3 Bf4 29. g3 Bc1 30. Rc2 Ra1 31. Bxf7 Be3+ 32. Kg2 Bxd4
33. Bxe6 Rb1 34. Rd2 c5 35. Bf5 h6 36. Bxb1 b4 37. f4 b5 38. h4 Bc3 39. Rd5 Kc6
40. Rh5 c4 41. Rxh6 Kc5 42. Kf3 Bd4 43. Ke2 b3 44. Kd2 Kb4 45. Rh8 Ka3 46. Rd8
Ba1 47. Ra8+ Kb2 48. Bf5 c3+ 49. Kd1 c2+ 50. Ke2 c1=Q 51. Rc8 Qg1 52. h5 Qxg3
53. h6 Qh2+ 54. Kd3 Qxh6 55. Rb8 Qxf4 56. Be6 Qxb8 57. Kd2 Qd6+ 58. Ke2 Qxe6+
59. Kd3 Qc4+ 60. Kd2 Ka2 61. Kd1 Qc2+ 62. Ke1 b2 63. Kf1 b1=Q# 0-1

[Event "June TNT"]
[Site "Winnipeg CAN"]
[Date "2002.06.11"]
[Round "2.10"]
[White "Still, Graham"]
[Black "Lange, John"]
[Result "1-0"]
[WhiteElo "911"]
[BlackElo "1425"]
[PlyCount "113"]
[EventDate "2002.06.04"]
[EventType "swiss"]
[EventRounds "4"]
[EventCountry "CAN"]

1. d4 c6 2. c4 d5 3. e3 Bf5 4. Nc3 e6 5. Bd3 Bxd3 6. Qxd3 Nf6 7. Nge2 Nbd7 8.
f3 Bd6 9. b3 O-O 10. O-O Qc7 11. g3 Rfe8 12. e4 dxc4 13. bxc4 h6 14. e5 Bxe5
15. dxe5 Nxe5 16. Bf4 Rad8 17. Qc2 Qb6+ 18. Kh1 Nxc4 19. Na4 Ne3 20. Nxb6 Nxc2
21. Rac1 Nb4 22. Nc4 Nxa2 23. Rb1 b5 24. Nd6 Re7 25. Rb2 e5 26. Nf5 Red7 27.
Be3 Rd1 28. Kg1 Rxf1+ 29. Kxf1 Rd1+ 30. Kf2 Nc1 31. Nxc1 Nd5 32. Nb3 Nxe3 33.
Nxe3 Rd7 34. Nc5 Rd8 35. Nf5 Kf8 36. Ke3 a5 37. Ra2 a4 38. Rc2 a3 39. Ra2 b4
40. Na6 b3 41. Rxa3 Ra8 42. Kd3 c5 43. Kc3 c4 44. Nd6 Rd8 45. Nxc4 Ke7 46. Rxb3
Ke6 47. Rb6+ Kf5 48. Rb5 f6 49. Ne3+ Kg5 50. h4+ Kg6 51. g4 h5 52. Rb4 Kh6 53.
Nf5+ Kg6 54. Ne7+ Kh6 55. Nc5 hxg4 56. Rxg4 Kh5 57. Ng6 1-0

[Event "June TNT"]
[Site "Winnipeg CAN"]
[Date "2002.06.18"]
[Round "3"]
[White "Graham, Ken"]
[Black "Taylor, Gordon2"]
[Result "0-1"]
[WhiteElo "1955"]
[BlackElo "1646"]
[PlyCount "78"]
[EventDate "2002.06.04"]
[EventType "swiss"]
[EventRounds "4"]
[EventCountry "CAN"]

1. e4 e5 2. Nf3 Nc6 3. d4 exd4 4. c3 d3 5. Bxd3 d6 6. Bc4 Be7 7. Qb3 Na5 8.
Bxf7+ Kf8 9. Qa4 Nf6 10. Ng5 h6 11. Ne6+ Bxe6 12. Bxe6 Nc6 13. O-O a6 14. Qc2
Qe8 15. f4 Qh5 16. Be3 Ng4 17. Bxg4 Qxg4 18. Nd2 Bf6 19. Rae1 Re8 20. e5 Bh4
21. h3 Qe6 22. f5 Qxa2 23. f6 Nxe5 24. fxg7+ Kxg7 25. Ra1 Qd5 26. Bd4 c5 27.
Nf3 Bg3 28. c4 Qe6 29. Bc3 Qg6 30. Qb3 Re7 31. Rad1 Kh7 32. Rd5 Rf8 33. Ng5+
Kg7 34. Nf3 Rf6 35. Qd1 b5 36. b3 Ref7 37. Qa1 Qe4 38. Re1 Nxf3+ 39. gxf3 Qxf3
0-1

[Event "June TNT"]
[Site "Winnipeg CAN"]
[Date "2002.06.18"]
[Round "3"]
[White "Greenberg, Harley"]
[Black "Semenko, Rena"]
[Result "1-0"]
[WhiteElo "1757"]
[BlackElo "1164"]
[PlyCount "53"]
[EventDate "2002.06.04"]
[EventType "swiss"]
[EventRounds "4"]
[EventCountry "CAN"]

1. d4 d5 2. c4 e6 3. Nc3 Bd7 4. Nf3 dxc4 5. g3 Nf6 6. Bg2 Bc6 7. O-O Bd6 8. Re1
O-O 9. e4 Bb4 10. Ne5 Bxc3 11. bxc3 Re8 12. Rb1 b6 13. Bg5 h6 14. Bxf6 Qxf6 15.
Nxc6 Nd7 16. e5 Qf5 17. Ne7+ Rxe7 18. Bxa8 f6 19. Be4 Qh3 20. Bg2 Qf5 21. d5
Nc5 22. Qf3 Qc2 23. exf6 Rf7 24. dxe6 Nxe6 25. Qe4 Qxa2 26. Qxe6 Kf8 27. Qe8#
1-0

[Event "June TNT"]
[Site "Winnipeg CAN"]
[Date "2002.06.18"]
[Round "3"]
[White "Lange, John"]
[Black "Crane, Meaghan"]
[Result "1-0"]
[WhiteElo "1425"]
[BlackElo "768"]
[PlyCount "77"]
[EventDate "2002.06.04"]
[EventType "swiss"]
[EventRounds "4"]
[EventCountry "CAN"]

1. e4 e5 2. Nf3 Nf6 3. Bc4 Nc6 4. O-O Nxe4 5. Qe2 d5 6. Bb5 Bd7 7. Bxc6 Bxc6 8.
Nxe5 Qe7 9. Nxc6 bxc6 10. Re1 Qe5 11. d3 Bd6 12. g3 Nf6 13. Qf1 O-O 14. Rxe5
Bxe5 15. c3 d4 16. Bg5 Rfe8 17. Qg2 Re6 18. c4 Rae8 19. Nd2 Bd6 20. Bxf6 Re1+
21. Rxe1 Rxe1+ 22. Nf1 gxf6 23. Qxc6 Be5 24. Kg2 Re2 25. Qa8+ Kg7 26. Qxa7 Rxb2
27. h4 h5 28. Nh2 Bxg3 29. Kxg3 f5 30. Qxd4+ f6 31. Qxb2 c5 32. a4 Kg6 33. a5
Kf7 34. a6 Ke6 35. a7 Kd6 36. Qxf6+ Kc7 37. a8=Q Kd7 38. Qb7+ Ke8 39. Qbe7# 1-0

[Event "June TNT"]
[Site "Winnipeg CAN"]
[Date "2002.06.18"]
[Round "3"]
[White "Milord, Frank"]
[Black "Reimer, Bruce"]
[Result "1-0"]
[WhiteElo "1680"]
[BlackElo "1262"]
[PlyCount "43"]
[EventDate "2002.06.04"]
[EventType "swiss"]
[EventRounds "4"]
[EventCountry "CAN"]

1. d4 e6 2. e4 d5 3. e5 c5 4. c3 Nc6 5. Nf3 Qb6 6. a3 c4 7. Nbd2 f6 8. Be2 fxe5
9. Nxe5 Nf6 10. f4 Bd6 11. Bh5+ g6 12. Be2 Qc7 13. O-O Bd7 14. g4 O-O-O 15. Nf7
Bxf4 16. Rxf4 Qxf4 17. Nxc4 Qc7 18. Ncd6+ Kb8 19. Nb5 Qb6 20. Bf4+ Ka8 21. Nc7+
Kb8 22. Nxd5+ 1-0

[Event "June TNT"]
[Site "Winnipeg CAN"]
[Date "2002.06.18"]
[Round "3"]
[White "Morrisseau, Jason"]
[Black "Nikouline, Alexandre"]
[Result "0-1"]
[WhiteElo "1200"]
[BlackElo "2137"]
[PlyCount "46"]
[EventDate "2002.06.04"]
[EventType "swiss"]
[EventRounds "4"]
[EventCountry "CAN"]

1. d4 Nf6 2. Nf3 e6 3. c4 b6 4. Nc3 Bb4 5. Bd2 O-O 6. e3 c5 7. Bd3 Bb7 8. O-O
d5 9. b3 Ne4 10. Qc2 Nxd2 11. Nxd2 cxd4 12. exd4 Nc6 13. Nf3 dxc4 14. Bxh7+ Kh8
15. a4 Nxd4 16. Nxd4 Qxd4 17. Ne2 Qh4 18. Qxc4 Qxc4 19. bxc4 Kxh7 20. f3 g5 21.
g3 Rfd8 22. Kg2 Rd2 23. Rad1 Rxe2+ 0-1

[Event "June TNT"]
[Site "Winnipeg CAN"]
[Date "2002.06.18"]
[Round "3"]
[White "Shome, Devarshi"]
[Black "Still, Graham"]
[Result "1-0"]
[WhiteElo "1502"]
[BlackElo "911"]
[PlyCount "45"]
[EventDate "2002.06.04"]
[EventType "swiss"]
[EventRounds "4"]
[EventCountry "CAN"]

1. e4 e6 2. d4 d5 3. e5 c5 4. c3 Nc6 5. Nf3 b6 6. Bd3 Be7 7. O-O f6 8. Re1 Qc7
9. Bf4 g5 10. exf6 Bxf6 11. Bxc7 cxd4 12. Nxg5 dxc3 13. Qh5+ Kd7 14. Nxc3 Bxg5
15. Qxg5 Nge7 16. Bg3 Bb7 17. Qf4 Rac8 18. Qd6+ Ke8 19. Rxe6 Rd8 20. Rxe7+ Nxe7
21. Qe5 Rg8 22. Re1 Rd7 23. Bb5 1-0

[Event "June TNT"]
[Site "Winnipeg CAN"]
[Date "2002.06.18"]
[Round "3"]
[White "Trueman, Francis"]
[Black "Anderson, George"]
[Result "1-0"]
[WhiteElo "1466"]
[BlackElo "1542"]
[PlyCount "38"]
[EventDate "2002.06.04"]
[EventType "swiss"]
[EventRounds "4"]
[EventCountry "CAN"]

1. Nf3 b6 2. g3 Bb7 3. Bg2 e6 4. O-O d5 5. d3 Nd7 6. Nbd2 c5 7. c3 Qc7 8. Re1
Bd6 9. e4 O-O-O 10. a4 a5 11. Rb1 f5 12. exf5 e5 13. Ng5 Ndf6 14. Ne6 Qd7 15.
Nxd8 Kxd8 16. b4 Qxf5 17. bxc5 Qxd3 18. Rxb6 Kc7 19. Qb3 Bc6 1-0

[Event "June TNT"]
[Site "Winnipeg CAN"]
[Date "2002.06.18"]
[Round "3"]
[White "Van Wyk, Joseph"]
[Black "Czarny, Keith"]
[Result "1-0"]
[WhiteElo "1770"]
[BlackElo "1710"]
[PlyCount "63"]
[EventDate "2002.06.04"]
[EventType "swiss"]
[EventRounds "4"]
[EventCountry "CAN"]

1. e4 g6 2. d4 Bg7 3. Bc4 d6 4. Nf3 Nf6 5. Nbd2 O-O 6. O-O Nbd7 7. Re1 Nb6 8.
Bd3 c5 9. c3 cxd4 10. cxd4 Bg4 11. h3 Bd7 12. b3 Rc8 13. a4 a6 14. a5 Na8 15.
Nc4 Bb5 16. Bg5 h6 17. Bf4 d5 18. exd5 Nxd5 19. Bd2 e6 20. Nfe5 Qe7 21. Qg4 Nf6
22. Qh4 g5 23. Qg3 Nh5 24. Qf3 Nf6 25. h4 gxh4 26. Qh3 Nh7 27. Qg4 f5 28. Qh3
Bxc4 29. Bxc4 f4 30. Qxe6+ Qxe6 31. Bxe6+ Kh8 32. Ng6# 1-0

[Event "June TNT"]
[Site "Winnipeg CAN"]
[Date "2002.06.18"]
[Round "3"]
[White "Wasney, Mark"]
[Black "Czypinski, Jaroslaw"]
[Result "0-1"]
[WhiteElo "1756"]
[BlackElo "1933"]
[PlyCount "110"]
[EventDate "2002.06.04"]
[EventType "swiss"]
[EventRounds "4"]
[EventCountry "CAN"]

1. e4 d5 2. exd5 Qxd5 3. Nc3 Qd8 4. d4 g6 5. Bc4 Bg7 6. Nge2 Nc6 7. Be3 Nh6 8.
d5 Ne5 9. Bb3 Nf5 10. Bf4 O-O 11. Qd2 Bd7 12. O-O Nd6 13. h3 Ndc4 14. Qc1 Nd6
15. Bh6 Nec4 16. Rb1 Na5 17. Bxg7 Kxg7 18. Qe3 Nxb3 19. axb3 Kg8 20. Ra1 a6 21.
Na4 Nf5 22. Qd3 Nd6 23. c4 Bf5 24. Qe3 b5 25. cxb5 Nxb5 26. Rfd1 Qd6 27. Ng3 e6
28. Nxf5 exf5 29. Nc5 Rfe8 30. Qc1 Re2 31. b4 Qf6 32. b3 Nc3 33. Rd3 Ne4 34.
Rf3 Qd4 35. Qf1 Nd2 36. Rd3 Qxd3 37. Nxd3 Nxf1 38. Kxf1 Rd2 39. Nf4 Rd4 40. g3
Rxb4 41. Nd3 Rxb3 42. Ne5 Rb5 43. Nc6 Rc5 44. Nb4 a5 45. Nd3 Rc3 46. Nc1 Kg7
47. Kg2 Re8 48. Rb1 Re1 49. Na2 Rxb1 50. Nxc3 Rb3 51. Na2 a4 52. h4 a3 53. Kf1
Rb1+ 54. Kg2 Rb2 55. Nc3 Rc2 0-1

[Event "June TNT"]
[Site "Winnipeg CAN"]
[Date "2002.06.18"]
[Round "3"]
[White "Weijs, Harry"]
[Black "Curtis, Rory"]
[Result "1-0"]
[WhiteElo "1495"]
[BlackElo "1698"]
[PlyCount "45"]
[EventDate "2002.06.04"]
[EventType "swiss"]
[EventRounds "4"]
[EventCountry "CAN"]

1. d4 d5 2. Bg5 c6 3. Nf3 Nf6 4. Nbd2 Bf5 5. e3 e6 6. c4 Be7 7. Bxf6 Bxf6 8.
cxd5 exd5 9. Nb3 Nd7 10. Bd3 Bg6 11. Qd2 a5 12. Rc1 O-O 13. Bxg6 hxg6 14. Qc3
Re8 15. O-O Be7 16. Nbd2 Nf6 17. Ne5 Bd6 18. f4 Nd7 19. Ndf3 Nf8 20. Qb3 f6 21.
Qxb7 fxe5 22. fxe5 Bb8 23. Qxa8 1-0

[Event "June TNT"]
[Site "Winnipeg CAN"]
[Date "2002.06.25"]
[Round "4.3"]
[White "Taylor, Gordon2"]
[Black "Weijs, Harry"]
[Result "1-0"]
[WhiteElo "1646"]
[BlackElo "1495"]
[PlyCount "65"]
[EventDate "2002.06.04"]
[EventType "swiss"]
[EventRounds "4"]
[EventCountry "CAN"]

1. c4 f5 2. Nf3 Nf6 3. g3 d6 4. Bg2 e5 5. d3 c6 6. O-O g6 7. Nc3 Bg7 8. Qc2 Na6
9. a3 O-O 10. b4 Nc7 11. Nd2 Ng4 12. Nb3 f4 13. h3 fxg3 14. hxg4 gxf2+ 15. Rxf2
Rxf2 16. Kxf2 Qh4+ 17. Kg1 Bxg4 18. Ne4 Rf8 19. Be3 Bh6 20. Bxh6 Qxh6 21. Qd2
Qh4 22. Rf1 Rxf1+ 23. Kxf1 d5 24. Ng5 h6 25. Nf3 Qh5 26. Qe3 Bxf3 27. exf3 d4
28. Qe4 Ne6 29. Qg4 Qxg4 30. fxg4 Nf4 31. Be4 h5 32. gxh5 gxh5 33. Na5 1-0

[Event "June TNT"]
[Site "Winnipeg CAN"]
[Date "2002.06.25"]
[Round "4.4"]
[White "Semenko, Rena"]
[Black "Wasney, Mark"]
[Result "0-1"]
[WhiteElo "1164"]
[BlackElo "1756"]
[PlyCount "27"]
[EventDate "2002.06.04"]
[EventType "swiss"]
[EventRounds "4"]
[EventCountry "CAN"]

1. e4 c5 2. f3 d6 3. d3 g6 4. g3 Bg7 5. Be3 Bxb2 6. Nd2 Bxa1 7. Qxa1 Nf6 8. Bh6
Nc6 9. Nc4 a6 10. e5 dxe5 11. Nxe5 Nd4 12. Qb2 Qc7 13. Bf4 Qa5+ 14. c3 0-1

[Event "June TNT"]
[Site "Winnipeg CAN"]
[Date "2002.06.25"]
[Round "4.5"]
[White "Ford, Dana"]
[Black "Milord, Frank"]
[Result "0-1"]
[WhiteElo "1200"]
[BlackElo "1680"]
[PlyCount "49"]
[EventDate "2002.06.04"]
[EventType "swiss"]
[EventRounds "4"]
[EventCountry "CAN"]

1. d4 d5 2. Nf3 Nf6 3. e3 Bf5 4. c4 c6 5. Qb3 Qb6 6. Nbd2 e6 7. a3 Qxb3 8. Nxb3
a5 9. Bd2 a4 10. Bb4 axb3 11. Bxf8 Rxf8 12. Be2 Nbd7 13. O-O Ke7 14. Rfe1 Bc2
15. Bd1 Bxd1 16. Rexd1 dxc4 17. Rdc1 b5 18. Nd2 e5 19. Nxc4 bxc4 20. Rxc4 Rfc8
21. Rb4 Rcb8 22. Rc1 Rxb4 23. axb4 exd4 24. h3 Ra2 25. Rxc6 0-1

[Event "June TNT"]
[Site "Winnipeg CAN"]
[Date "2002.06.25"]
[Round "4.6"]
[White "Morrisseau, Jason"]
[Black "Shome, Devarshi"]
[Result "0-1"]
[WhiteElo "1200"]
[BlackElo "1502"]
[PlyCount "90"]
[EventDate "2002.06.04"]
[EventType "swiss"]
[EventRounds "4"]
[EventCountry "CAN"]

1. e4 e6 2. Nf3 d5 3. Nc3 Nf6 4. exd5 exd5 5. d4 Nc6 6. Bg5 Be6 7. Bd3 Be7 8.
O-O Qd7 9. Ne2 h6 10. Bxf6 Bxf6 11. Nf4 O-O-O 12. Nxe6 fxe6 13. c3 g5 14. Bb5
a6 15. Qa4 axb5 16. Qa8+ Nb8 17. a4 g4 18. Ne5 Bxe5 19. dxe5 h5 20. a5 Qc6 21.
a6 bxa6 22. Qxc6 Nxc6 23. Rxa6 Kb7 24. Rfa1 Ra8 25. Rxa8 Rxa8 26. Re1 Ra2 27.
f4 gxf3 28. gxf3 Rxb2 29. f4 Rc2 30. f5 exf5 31. e6 Rxc3 32. e7 Nxe7 33. Rxe7
b4 34. Re5 b3 35. Rxd5 c6 36. Rxf5 b2 37. Rf1 Rc1 38. Rxc1 bxc1=Q+ 39. Kf2 Kc7
40. Kg3 Qe3+ 41. Kg2 Kd6 42. h4 Ke5 43. Kf1 Qd2 44. Kg1 Kf4 45. Kf1 Kf3 0-1

[Event "June TNT"]
[Site "Winnipeg CAN"]
[Date "2002.06.25"]
[Round "4.7"]
[White "Reimer, Bruce"]
[Black "Graham, Ken"]
[Result "0-1"]
[WhiteElo "1262"]
[BlackElo "1955"]
[PlyCount "53"]
[EventDate "2002.06.04"]
[EventType "swiss"]
[EventRounds "4"]
[EventCountry "CAN"]

1. e4 Nf6 2. d3 e5 3. Nf3 Nc6 4. c3 d6 5. g3 Be7 6. Bg2 Bg4 7. O-O Qd7 8. Nbd2
O-O 9. a4 Ne8 10. Nc4 Rd8 11. d4 Qc8 12. d5 Nb8 13. b4 f5 14. Qc2 fxe4 15. Qxe4
Nf6 16. Qd3 e4 17. Qe2 exf3 18. Bxf3 Rde8 19. Bxg4 Qxg4 20. Qxg4 Nxg4 21. h3
Nf6 22. Ne3 Ne4 23. Bb2 Bf6 24. Nd1 Nd2 25. c4 Nxf1 26. Kxf1 Bxb2 27. Nxb2 0-1

[Event "June TNT"]
[Site "Winnipeg CAN"]
[Date "2002.06.25"]
[Round "4.8"]
[White "Lange, John"]
[Black "Trueman, Francis"]
[Result "0-1"]
[WhiteElo "1425"]
[BlackElo "1466"]
[PlyCount "64"]
[EventDate "2002.06.04"]
[EventType "swiss"]
[EventRounds "4"]
[EventCountry "CAN"]

1. e4 d6 2. d4 Nf6 3. Nc3 g6 4. Bc4 Bg7 5. h3 O-O 6. Be3 c6 7. Qd2 b5 8. Bd3 e5
9. d5 cxd5 10. Nxd5 Nxd5 11. exd5 a6 12. O-O-O Nd7 13. Ne2 Nf6 14. Bg5 Qb6 15.
f4 e4 16. Bxf6 Bxf6 17. Bxe4 Re8 18. Bf3 b4 19. Rhe1 Bd7 20. g4 Rac8 21. f5 b3
22. axb3 Ba4 23. Nc3 Bd7 24. fxg6 hxg6 25. Ne4 Be5 26. h4 Qxb3 27. c3 Qa2 28.
Re2 Qa1+ 29. Kc2 Qa2 30. Kc1 Ba4 31. b3 Qxb3 32. Qb2 Qxd1# 0-1